Жены Глав СССР - Statistics

General Stats
  • This quiz has been taken 199 times
  • The average score is 4 of 5
Answer Stats
Picture Answer % Correct
Надежда Крупская
84%
Виктория Брежнева
83%
Нина Хрущёва
71%
Надежда Аллилуева
67%
Раиса Горбачева
53%
No matching quizzes found
Score Distribution
Percent of People with Each Score
Percentile by Number Answered
Your Score History
You have not taken this quiz